Calendario agrícola : (Registro nro. 22123)

Detalles MARC
000 -Cabecera
Campo de control interno 00834nam a22002537a 4500
005 - Fecha y hora del registro
control field 20260416163135.0
008 - Elementos de Longitud Fija
fixed length control field 260324b |||||||| |||| 00| 0 spa d
041 ## - Idioma
Codigo Idioma ESP
082 ## - DEWEY y NOTACIÓN INTERNA
Dewey 631.5
Notación Interna M61
100 ## - AUTOR
Autor denominación ,
110 ## - AUTOR INSTTITUCIONAL
Autor Institucional Ministerio de Desarrollo Agrario y Riego
245 ## - TÍTULO DE MATERIAL BIBLIOGRÁFICO
Título Calendario agrícola :
Título paralelo región sierra
250 ## - EDICIÓN
Edición Primera edición
260 ## - CIUDAD, EDITORIAL, AÑO
Ciudad Lima :
Nombre de la Editorial Instituto Nacional de Innovación Agraria (INIA),
Año 2025
300 ## - DESCRIPCIÓN
N° Páginas 121 páginas :
Otros detalles ilustraciones, mapas ;
Dimensiones 22 cm.
440 ## - MENCIÓN DE SERIE
Título de la Serie ;
650 ## - TEMAS
Temas Tecnología (Ciencias Aplicadas)
653 ## - DESCRIPTORES
Lenguajes no controlado Agricultura; Agricultura - Cultivo; Agricultura - Cosecha
654 ## - PROGRAMAS
Programa Todos los programas
700 ## - OTROS AUTORES
Otros autores ;
856 ## - URL - UBICACIÓN
URI/URL: Enlace exacto del recurso <a href="https://itmsp.museknowledge.com/UCSP?groupID=2&action=source&sourceID=JSTOR_org_IP">https://itmsp.museknowledge.com/UCSP?groupID=2&action=source&sourceID=JSTOR_org_IP</a>
Nota pública: Versión digital <a href="Véase además: Base de datos JSTOR">Véase además: Base de datos JSTOR</a>
942 ## - ELEMENTOS DE KOHA
Tipo de documento Libro
Nombre del creador Justo Noguera
Código de catalogador Tania Ramirez
Suppress in OPAC No
Esquema de clasificación Dewey Decimal Classification
Existencias
Codigo completo Registro Colección Copia número Disponibilidad Tipo de préstamo Biblioteca Actual Procedencia (Biblioteca) Ubicacón Fecha Ingreso Tipo de Adquisición Observación Date last seen Total checkouts Price effective from Tipo de Item Estado del Material Fuente de Clasificación Damaged status Withdrawn status
631.5 M61 1088214 Universidad Católica San Pablo 1 Disponible Disponible Víctor Andrés Belaunde Víctor Andrés Belaunde Segundo piso 24/03/2026 Donación Rectorado 24/03/2026   24/03/2026 Libro Bueno Dewey Decimal Classification